000
00314nam a2200133Ia 4500
100
_a
Weatherburn/C.E
942
_c
BK
654
_a
Maths
245
_a
A First course in Mathematical Statistics
260
_b
English language book society
_a
London
_c
1962
082
_a
519.5
300
_a
277
546
_a
ENGLISH
999
_c
25879
_d
25879